Les aliments bleus par images - Statistiques

Statistiques générales
  • Ce quiz a été pris 1 642 fois
  • Le résultat moyen est 9 sur 12
Statistiques - réponses
Par images Réponse % Correct
Aubergine
96%
Raisin
94%
Bleu
91%
Figue
89%
Sardine
89%
Myrtille
88%
Haribo Schtroumpf
83%
Homard de Bretagne
77%
Prune
76%
Bleuet
41%
Cassis
40%
Maquereau
40%
Aucun quiz correspondant
Distribution des résultats
% des personnes avec chaque résultat
Percentile par nombre de réponses
Votre historique - résultats
Vous n’avez pas pris ce quiz